Educación física: ESO segundo ciclo, tercero y cuarto cursos
Kaydedildi:
| Asıl Yazarlar: | , , , , |
|---|---|
| Materyal Türü: | Kitap |
| Dil: | İspanyolca |
| Baskı/Yayın Bilgisi: |
Barcelona
Del Serbal
1998
|
| Konular: | |
| Etiketler: |
Etiketle
Etiket eklenmemiş, İlk siz ekleyin!
|
MARC
| LEADER | 00000nam a2200000 a 4500 | ||
|---|---|---|---|
| 001 | UCN5271 | ||
| 003 | CL-VaPUC | ||
| 008 | 010824e19980000SP |||||||||||||||||spa|d | ||
| 082 | 0 | 4 | |a 372.86 |b ARI |2 21 |
| 100 | 0 | |a Ariño Laviña, Jesús |e author |9 461373 | |
| 700 | 0 | |a Benabarre Casals, Rossend |e author |9 461374 | |
| 700 | 0 | |a Blanch Vidal, Francesc |e author |9 461375 | |
| 700 | 0 | |a Luque Rosúa, María Angeles |e author |9 461376 | |
| 700 | 0 | |a Llandres Briones, Elena |e author |9 461377 | |
| 245 | 1 | 0 | |a Educación física: ESO segundo ciclo, tercero y cuarto cursos |
| 300 | |a 159 p | ||
| 942 | |c BK | ||
| 945 | |d 20010824 00:00:00 |a cmena | ||
| 260 | |a Barcelona |b Del Serbal |c 1998 | ||
| 500 | |a Complementario con Libro del profesor, Cuaderno de trabajo y Selección del libro del profesor | ||
| 650 | 0 | |a Educación física |9 240893 | |
| 650 | 0 | |a Educación básica |9 224933 | |
| 650 | 0 | |a Métodos de enseñanza |9 270413 | |
| 583 | |a last modification |c 20010824 00:00:00 |k Rodrigo Vera | ||
| 999 | |c 296920 |d 296918 | ||
| 952 | |0 0 |1 0 |4 0 |6 372_860000000000000_ARI_1998 |7 0 |8 A |9 351213 |a BIBEDU |b BIBEDU |d 2019-11-21 |i 3751724 |o 372.86 ARI 1998 |p 3751724 |r 2019-11-21 |w 2019-11-21 |y BK |k EFI | ||